| 000 | 00516nam a2200169 a 4500 | ||
|---|---|---|---|
| 005 | 20230531063647.0 | ||
| 008 | 991125s1938 mx 000 0 spa u | ||
| 035 | _aUPN01000011059 | ||
| 049 | _aCG | ||
| 050 | 4 |
_aF1230 _bO7.2 |
|
| 100 | 1 |
_aOrozco y Berra, Manuel, _d1816-1881 _928578 |
|
| 245 | 1 | 4 |
_aLos conquistadores de México / _cManuel Orozco y Berra. |
| 260 |
_aMéxico : _bP. Robredo, _c1938. |
||
| 300 | _a103 p. | ||
| 651 | 4 |
_aMéxico _xHistoria _yDescubrimiento y conquista, 1517-1521 _911526 |
|
| 905 | _aLibro | ||
| 999 |
_c11059 _d11059 |
||